Mirage (Record no. 5929)
[ view plain ]
| 000 -LEADER | |
|---|---|
| fixed length control field | 00745nam a22001577a 4500 |
| 005 - DATE AND TIME OF LATEST TRANSACTION | |
| control field | 20241028064020.0 |
| 008 - FIXED-LENGTH DATA ELEMENTS--GENERAL INFORMATION | |
| fixed length control field | 241028b |||||||| |||| 00| 0 eng d |
| 020 ## - INTERNATIONAL STANDARD BOOK NUMBER | |
| ISBN | 9789556595154 |
| 082 ## - DDC Classification | |
| DDC Edition Number | 22 |
| Class No. | 823 |
| Item Number - Author Mark | MIR |
| 100 ## - MAIN ENTRY--PERSONAL NAME | |
| Personal name | Daniel, K. |
| 245 ## - TITLE STATEMENT | |
| Title | Mirage |
| Remainder of title | A Sri Lankan Dalit Novel |
| 260 ## - PUBLICATION, DISTRIBUTION, ETC. | |
| Place of publication, distribution, etc. | Chennai |
| Name of publisher, distributor, etc. | Kumaran Books |
| Date of publication, distribution, etc. | 2016 |
| 300 ## - PHYSICAL DESCRIPTION | |
| Extent (e.g. Volumes, Pages etc.) | xxi, 321 p ., |
| 500 ## - GENERAL NOTE | |
| General note | Mirage, a Dalit 'Historical' novel first published in 1986 by K. Daniel of Jaffna, a catholic by birth but Marxist by choice, makes a probing inquiry into the early 20th century ' conversation' to Catholicism of the Nalavars and the pallars, two of the region's most downtrodden castes, asking what differnce the change of religion made to their overall well-being. |
| 942 ## - Koha item type (Biblio) | |
| Koha item type | Books in Stacks (Lending) |
| Lost status | Damaged status | Collection code | Home library | Current library | Date acquired | Full call number | Accession Number | Item type |
|---|---|---|---|---|---|---|---|---|
| Lending | WERC Library | WERC Library | 10/28/2024 | 823 MIR | 6933 | Books in Stacks (Lending) |
